000 00702nam a2200217Ia 4500
008 130821s1995 xxu gs spa
040 _aCo-BoUCM
_bspa
041 0 0 _aspa
092 _aCV 0583
092 _aDVD 1019
100 1 _aRossell, Robert
245 1 3 _aEl liderazgo es...
_c[videograbación]
_cRobert Rossell
260 _aRichmond (Virginia, Estados Unidos)
_bQuality media resources
_c1995
300 _a1 videocassette vhs [15 min]
_e1 DVD
490 _aVideos de entretenimiento
650 0 4 _aAdministración de empresas
_9435
650 0 4 _aAdministración de personal
_98562
650 0 4 _aDinámica de grupos
_913285
650 0 4 _aLiderazgo
_918533
942 _cMULTIMEDIA
_2LOCAL
_a16
_e1
999 _c31477
_d31477